000 00922nam a2200325Ia 4500
001 dia_2812
003 CHAP
005 20250806141823.0
008 220117s1987 xx 000 0 und d
010 _a173312
020 _a0-471-05288-4
040 _cCHAP
082 _a574.192 O98 1987
245 _aOutlines of biochemistry /
_c Eric E. Conn...[et al.]
250 _a5a ed.
260 _aEstados Unidos de América :
_b John Wiley & Sons,
_c1987
300 _aix, 693 p.
503 _aI. 163082
504 _aIncluye bibliografías
590 _aQP514.2 O98 1987
650 _aBiochemistry
_9150477
650 _aBioquímica
_912849
650 _aMetabolism
_9150478
650 _aMetabolismo
_975149
700 _aConn, Eric E.
_eautor.
_9150479
901 _a574.192 O98 1987
902 _aM
905 _a5232271987 -usaimn8222223322eng16
942 _cLIBRO
_2ddc
999 _c173312
_d173312